000 00483nam a2200157Ia 4500
008 240126s9999 xx 000 0 und d
041 _aEnglish
082 _aPRIS08-1294
100 _aSuresh Babu G
245 0 _aMobile Search Enigne [electronic resource: Project Report]
_bPallavi C V
260 _bPESIT, Dept. of IS
_aBangalore
440 _aNULL
650 _aEnigne,[electronic,resource:,Project,Report],Information Science
650 _aInformation Science
942 _cPR
999 _c258559
_d258559